<?xml version="1.0" encoding="UTF-8"?>
<collection xmlns="http://www.loc.gov/MARC21/slim">
 <record>
  <leader>02004pamaa2200229   4500</leader>
  <controlfield tag="001">0000044796</controlfield>
  <controlfield tag="005">20121210090000.0</controlfield>
  <controlfield tag="008">090122                             eng  </controlfield>
  <datafield tag="020" ind1="0" ind2="0">
   <subfield code="a">0470021810 </subfield>
  </datafield>
  <datafield tag="090" ind1="0" ind2="0">
   <subfield code="a">TP248.27.P55 </subfield>
   <subfield code="b">PLA 2006</subfield>
  </datafield>
  <datafield tag="245" ind1="1" ind2="0">
   <subfield code="a">Plant biotechnology : </subfield>
   <subfield code="b">current and future applications of genetically modified crops  </subfield>
   <subfield code="c">edited by Nigel G. Halford.</subfield>
  </datafield>
  <datafield tag="260" ind1="0" ind2="0">
   <subfield code="a">Chichester, England: </subfield>
   <subfield code="b">Hoboken, NJ: </subfield>
   <subfield code="b">J. Wiley, </subfield>
   <subfield code="c">2006.</subfield>
  </datafield>
  <datafield tag="300" ind1=" " ind2=" ">
   <subfield code="a">xii, 303p: </subfield>
   <subfield code="b">ill.; </subfield>
   <subfield code="c">25 cm.</subfield>
  </datafield>
  <datafield tag="500" ind1="0" ind2="0">
   <subfield code="a">From primitive selection to genetic modification, ten thousand years of plant breeding / Nigel G. Halford -- Crop biotechnology in the United States : experiences and impacts / Sujatha Sankula -- Development of biotech crops in China / Qingzhong Xue, Yuhua Zhang, and Xianyin Zhang -- Advances in transformation technologies / Huw D. Jones -- Enhanced nutritional value of food crops / Dietrich Rein and Karin Herbers -- The production of long-chain polyunsaturated fatty acids in transgenic plants / Louise V. Michaelson ... [et al.] -- The application of genetic engineering to the improvement of cereal grain quality / Peter R. Shewry -- Improvements in starch quality / Michael M. Burrell -- Production of vaccines in GM plants / Liz Nicholson, M. Carmen Caįzares, and George P. Lomonossoff -- Prospects for using genetic modification to engineer drought tolerance in crops / S.G. Mundree ... [et al.] -- Salt tolerance / Eduardo Blumwald and Anil Grover -- Engineering fungal resistance in crops / Maarten Stuiver -- Plant food allergens / E.N. Clare Mills, John A. Jenkins, and Peter R. Shewry -- Environmental impact and gene-flow / P.J.W. Lutman and K. Berry -- Risk assessment, regulation, and labeling / Nigel G. Halford</subfield>
  </datafield>
  <datafield tag="501" ind1="0" ind2="0">
   <subfield code="a">DSCAU</subfield>
  </datafield>
  <datafield tag="504" ind1="0" ind2="0">
   <subfield code="a">Includes bibliographical references and index</subfield>
  </datafield>
  <datafield tag="650" ind1="0" ind2="0">
   <subfield code="a">Plant biotechnology </subfield>
  </datafield>
  <datafield tag="650" ind1="0" ind2="0">
   <subfield code="a">Plant breeding </subfield>
  </datafield>
  <datafield tag="650" ind1="0" ind2="0">
   <subfield code="a">Plant culture </subfield>
  </datafield>
  <datafield tag="650" ind1="0" ind2="0">
   <subfield code="a">Agricultural science/research -- </subfield>
   <subfield code="x">general </subfield>
  </datafield>
  <datafield tag="700" ind1="1" ind2="1">
   <subfield code="a">Halford, </subfield>
   <subfield code="h">N.G. </subfield>
  </datafield>
  <datafield tag="901" ind1=" " ind2=" ">
   <subfield code="u">www.wiley.com</subfield>
  </datafield>
 </record>
</collection>
